Glas /

Bibliographic Details
Main Author: Thiene, Hermann, 1882-
Format: Book
Language:German
Published: Jena : G. Fischer, 1931-39.
Subjects:

MARC

Tag First Indicator Second Indicator Subfields
LEADER 00000cam a2200000 4500
001 in00000026307
005 20151007061229.0
008 760419m19311939gw a b 00010 ger
010 |a  45007839  
035 |a (OCoLC)02124119 
035 |9 AAD1501AM 
040 |a DLC  |c YDM  |d TXA  |d UtOrBLW 
049 |a TXAM  |v 1 [426277]  |v 2 [426278] 
050 0 0 |a TP857  |b .T5 
090 |a TP857  |b .T5 1931 
092 |a 666.1  |b T434g 
100 1 |a Thiene, Hermann,  |d 1882- 
245 1 0 |a Glas /  |c von dr. Hermann Thiene ... 
264 1 |a Jena :  |b G. Fischer,  |c 1931-39. 
300 |a 2 volumes :  |b illustrations, tables (1 folded) diagrams (part folded) ;  |c 26 cm. 
336 |a text  |b txt  |2 rdacontent 
337 |a unmediated  |b n  |2 rdamedia 
338 |a volume  |b nc  |2 rdacarrier 
500 |a Paged continuously. 
500 |a "Published by J.W. Edwards. Lithoprinted by Edwards brothers, inc., Ann Arbor, Michigan, 1944." 
504 |a "Literaturverzeichnis": volume 2, pages [1012]-1096. 
650 0 |a Glass manufacture. 
650 0 |a Glass. 
999 |a MARS 
999 f f |s 21fe0b99-f250-34c4-b40e-3163b5ac2244  |i 46deda5b-fa22-33d4-b2f1-a9e7fa1782bf  |t 0 
952 f f |p ric  |a Texas A&M University  |b Rellis Campus  |c Joint Library Facility  |d Remote Storage  |t 0  |e TP857 .T5 1931  |h Library of Congress classification  |i unmediated -- volume  |k Bd.1  |m A14801115986 
952 f f |p ric  |a Texas A&M University  |b Rellis Campus  |c Joint Library Facility  |d Remote Storage  |t 0  |e TP857 .T5 1931  |h Library of Congress classification  |i unmediated -- volume  |k Bd.2  |m A14801115994 
998 f f |a TP857 .T5 1931  |s v.1-v.2  |t 0  |l Remote Storage